000 00567nam a2200229Ia 4500
003 OSt
005 20221005093218.0
006 a|||||r|||| 00| 0
007 ta
008 221004b |||||||| |||| 00| 0 eng d
024 _a22042
037 _cTextual
040 _aCRL
_cCRL
_beng
041 _2eng
_aeng
082 _aL:573k, M5
245 0 _aPenguin encyclopedia of nutrition
260 _aNew York
_bViking Penguin
_c1985
300 _a431p
_ccm.
650 _aMEDICINE
942 _hL:573k, M5
_cTEXL
_2cc
999 _c1000010
_d1000010